Les professions intermédiaires : Des métiers d'interface au coeur de l'entreprise (notice n° 2130036)
[ vue normale ]
| 000 -LEADER | |
|---|---|
| fixed length control field | 01343cam a2200145 4500500 |
| 005 - DATE AND TIME OF LATEST TRANSACTION | |
| control field | 20260405022152.0 |
| 041 ## - LANGUAGE CODE | |
| Language code of text/sound track or separate title | fre |
| 042 ## - AUTHENTICATION CODE | |
| Authentication code | dc |
| 100 10 - MAIN ENTRY--PERSONAL NAME | |
| Personal name | Cadet, Jean-Paul |
| Relator term | author |
| 245 00 - TITLE STATEMENT | |
| Title | Les professions intermédiaires : Des métiers d'interface au coeur de l'entreprise |
| 260 ## - PUBLICATION, DISTRIBUTION, ETC. | |
| Name of publisher, distributor, etc. | Armand Colin,<br/> |
| Date of publication, distribution, etc. | 2013.<br/> |
| 520 ## - SUMMARY, ETC. | |
| Summary, etc. | Ils sont managers dans la restauration rapide, chefs d’atelier dans la construction automobile, cadres de santé à l’hôpital, techniciens dans l’industrie, commerciaux, conseillers clientèle, responsables administratifs... Leur point commun ? Ils appartiennent à la catégorie socioprofessionnelle des professions intermédiaires qui regroupe les agents de maîtrise, les techniciens, les commerciaux et les emplois d’administration-gestion. Leur caractéristique ? N’être ni ouvriers ou employés, ni cadres. Une identité en quelque sorte par défaut, alors même que les professions intermédiaires concentrent le quart de l’emploi salarié privé et occupent une position névralgique au sein des entreprises, à l’interface entre conception et exécution, entre management et opérateurs, entre entreprises et clients. |
| 700 10 - ADDED ENTRY--PERSONAL NAME | |
| Personal name | Guitton, Christophe |
| Relator term | author |
| 856 41 - ELECTRONIC LOCATION AND ACCESS | |
| Uniform Resource Identifier | <a href="https://shs.cairn.info/les-professions-intermediaires--9782200280642?lang=fr&redirect-ssocas=7080">https://shs.cairn.info/les-professions-intermediaires--9782200280642?lang=fr&redirect-ssocas=7080</a> |
Pas d'exemplaire disponible.




Réseaux sociaux